000 01240nam a2200385 i 4500
001 56137
003 KOSZ 005
005 20221205144956.0
008 080826s2008 pl a f f |001 0 pol
015 _aPB 22173/2008
020 _a9788374052726
040 _cWA N
_aWA N
_dKOSZ 005/HR
041 1 _apol
_beng
046 _k2008
080 _a681.5:004:621.38
080 _a(075.8)
100 1 _aTurowski, Janusz
_d(1927- )
_eAutor
245 1 0 _aPodstawy mechatroniki /
_cJanusz Turowski.
260 _aŁódź :
_bWydawnictwo Wyższej Szkoły Humanistyczno-Ekonomicznej,
_c2008.
300 _a261, [2] s. :
_bil. ;
_c24 cm.
336 _2rdacontetn
_aTekst
_btxt
337 _2rdamedia
_aBez urządzenia pośredniczącego
_bn
338 _2rdacarrier
_aWolumin
_bnc
380 _aKsiążki
380 _aPublikacje dydaktyczne
385 _mPoziom nauczania
_aSzkoły wyższe
388 _a2001-
504 _aBibliogr. s. 245-255. Indeks.
546 _aStreszcz. ang.
650 9 _aMechatronika
655 _aPodręczniki akademickie
658 _aInżynieria i technika
856 _uhttp://koha.tu.koszalin.pl/cgi-bin/koha/opac-detail.pl?biblionumber=56137
_yKatalog online BPK
942 _cKS
_2UKD
999 _c56137
_d56137